Sporting Kansas City Best Scorer By Year - Statistics

General Stats
  • This quiz has been taken 39 times
    5 since last reset
  • The average score is 7 of 20
Answer Stats
Player % Correct
Dom Dwyer
100%
Kei Kamara
100%
Alan Pulido
80%
Dániel Sallói
80%
Johnny Russell
80%
Preki
80%
Dejan Joveljić
60%
Davy Arnaud
20%
Felipe Gutiérrez
20%
Gadi Kinda
20%
Josh Wolff
20%
Mo Johnston
20%
Teal Bunbury
20%
William Agada
20%
Claudio Bieler
0%
Eddie Johnson
0%
Gerso Fernandes
0%
Miklos Molnar
0%
Roy Lassiter
0%
Scott Sealy
0%
No matching quizzes found
Score Distribution
Percent of People with Each Score
Percentile by Number Answered
Your Score History
You have not taken this quiz since the last reset